| 000 | 00759nam a2200241 a 4500 | ||
|---|---|---|---|
| 005 | 20240925065637.0 | ||
| 008 | 070223s2004 mx r 000 0 spa d | ||
| 020 | _a8446016753 | ||
| 035 | _aUPN01000153796 | ||
| 049 | _aCG | ||
| 050 | 4 |
_aHM61 _bA3.3 |
|
| 100 | 1 |
_aAdorno, Theodor W., _d1903-1969 |
|
| 245 | 1 | 0 |
_aEscritos sociológicos / _cTh. W. Adorno ; ed. de Rolf Tiedemann ; tr. Agustín González Ruiz. |
| 260 |
_aMadrid : _bAkal, _c2004. |
||
| 300 | _a2 v. | ||
| 440 | 0 |
_aAkal básica de bolsillo ; _v68 |
|
| 440 | 0 |
_aTheodor W. Adorno. _pObra completa ; _v8-9 |
|
| 500 | _aLa biblioteca tiene el v.1 | ||
| 534 |
_pTraducción de: _tSoziologische schriften |
||
| 650 | 4 |
_aSociología _95756 |
|
| 700 | 1 |
_aTiedemann, Rolf, _eed. |
|
| 905 | _aLibro | ||
| 999 |
_c125917 _d125917 |
||